000 00591nam a2200193 i 4500
001 132805
003 ES-MaACL
005 20250731174840.0
007 t|
008 070214s1931 sp r ||||1| spa d
100 1 _aRosende, Angel E.
_999739
245 1 3 _aEl generalísimo Máximo Gómez
_b: la logia fe masónica y los masones de Cuba /
_cAngel E. Rosende.
260 _a[s.l.] :
_b[s.n.],
_c1931.
300 _a12 p. ;
_c24 cm.
600 1 4 _aGómez, Máximo,
_d1836-1905
_957787
610 2 4 _aMasonería-
_zCuba.
_9153780
852 _aES-MaACL
_j1749-F-27
999 _c132805
_d132805